000
00202nam a2200085 4500
001
1234084
005
20250926113215.0
245
_a
SAHİBİNİ ARAYAN MEKTUPLAR
_c
AHMET GÜNBAY
260
_b
TİMAŞ YAYINLARI
999
_c
1234084
_d
1234084